000 00763nam a22002177a 4500
999 _c8847
_d8847
003 AR-CdUCM
008 190326b ||||| |||| 00| 0 spa d
040 _aMUNICIPALIDAD PROVINCIAL DEL CUSCO
_cBIBLIOTECA MUNICIPAL DEL CUSCO
082 _a869.569 /
_bV18
100 _aVallejo, César
_910143
245 _aLas palabras de Trilce /
260 _aLima :
_bSeglusa Editores,
_c1989.
300 _a375 paginas ;
_c21 cm.
505 _aContenido : Aparición de trilce -- Trilce y la critica -- Trilce y el modernismo -- Trilce y las escuelas de vanguardia Nuestro trabajo...
650 _aPoesía peruana
_9806
650 _aLibros peruanos
_94203
650 _aLiteratura
_983
700 _aVillanueva, Elsa.
_915456
942 _2ddc
_cLIBROS
945 _awnts